[Event "CZE-chT2E 1112"]
[Site "Czech Republic"]
[Date "2011.10.09"]
[Round "1.4"]
[White "Vechet, Stanislav"]
[Black "Sochna, Dusan"]
[Result "1/2-1/2"]
[WhiteElo "2180"]
[BlackElo "2139"]
[PlyCount "73"]
[EventDate "2011.10.09"]
[EventType "team-tourn"]
[EventRounds "11"]
[EventCountry "CZE"]
[SourceTitle "EXT 2013"]
[Source "ChessBase"]
[SourceDate "2012.11.22"]
[SourceVersion "1"]
[SourceVersionDate "2012.11.22"]
[SourceQuality "1"]
[WhiteTeam "Hustopece"]
[BlackTeam "Veseli nad Moravou"]
[WhiteTeamCountry "CZE"]
[BlackTeamCountry "CZE"]

1. d4 Nf6 2. g3 g6 3. Bg2 c5 4. d5 d6 5. e4 Bg7 6. a4 0-0 7. Ne2 Re8 8. 0-0 e6 9. Nec3 exd5 10. exd5 Bf5 11. Na3 Ne4 12. Nxe4 Bxe4 13. f3 Bf5 14. Nc4 Na6 15. c3 Nc7 16. g4 Bc8 17. Bf4 Bf8 18. a5 Rb8 19. Qd2 b5 20. axb6 axb6 21. Rfe1 Rxe1+ 22. Rxe1 Ba6 23. Bf1 Qd7 24. b3 Bxc4 25. Bxc4 Ra8 26. Bf1 Qd8 27. b4 Ra3 28. bxc5 bxc5 29. Be2 Qa8 30. c4 Ra2 31. Qd3 Na6 32. Qe4 Nb4 33. Bf1 Nc2 34. Re2 Nd4 35. Rxa2 Qxa2 36. Be3 Qb2 37. Bxd4 1/2-1/2

[Event "CZE-chT2E 1011"]
[Site "Czech Republic"]
[Date "2010.11.07"]
[Round "2.6"]
[White "Sochna, Dusan"]
[Black "Dungl, Martin"]
[Result "1-0"]
[WhiteElo "2135"]
[BlackElo "1957"]
[PlyCount "109"]
[EventDate "2010.10.17"]
[EventType "team-tourn"]
[EventRounds "11"]
[EventCountry "CZE"]
[SourceTitle "EXT 2012"]
[Source "ChessBase"]
[SourceDate "2011.11.24"]
[SourceVersion "1"]
[SourceVersionDate "2011.11.24"]
[SourceQuality "1"]
[WhiteTeam "Veseli nad Moravou"]
[BlackTeam "Postoupky"]
[WhiteTeamCountry "CZE"]
[BlackTeamCountry "CZE"]

1. Nf3 Nf6 2. c4 e6 3. g3 b6 4. Bg2 Bb7 5. 0-0 Be7 6. d4 0-0 7. Nc3 Bb4 8. Qc2 Bxc3 9. Qxc3 d6 10. b4 Nbd7 11. Bb2 Ne4 12. Qd3 f5 13. Rfd1 Rb8 14. Ne1 Qe7 15. a4 e5 16. d5 Qf6 17. f4 Qg6 18. Nf3 Rbe8 19. fxe5 dxe5 20. a5 Nd6 21. Qc2 f4 22. Qxg6 hxg6 23. Rac1 Nf5 24. Bh3 Rf7 25. Ng5 Rfe7 26. Bxf5 gxf5 27. Ne6 fxg3 28. Nxc7 gxh2+ 29. Kxh2 Rc8 30. Nb5 a6 31. Nd6 Rb8 32. axb6 Nxb6 33. Nxf5 Ree8 34. e4 Bc8 35. Nd6 Rf8 36. Rc2 Nd7 37. Bc3 Rf3 38. Kg2 Rf4 39. c5 Nf6 40. Bxe5 Rg4+ 41. Kf3 Rg5 42. Bxf6 Bg4+ 43. Kf4 Bxd1 44. Bxg5 Bxc2 45. c6 Ba4 46. Ke5 Rxb4 47. Ke6 Bd1 48. c7 Bg4+ 49. Ke7 a5 50. Bd2 Ra4 51. e5 Ra2 52. e6 Rc2 53. Bxa5 Bf3 54. Kd8 Bxd5 55. e7 1-0

[Event "CZE-chT2e 0506"]
[Site "Czech Republic"]
[Date "2006.03.26"]
[Round "10.4"]
[White "Sojka, Ales"]
[Black "Sochna, Dusan"]
[Result "1/2-1/2"]
[WhiteElo "2125"]
[BlackElo "2139"]
[PlyCount "52"]
[EventDate "2005.10.16"]
[EventType "team"]
[EventRounds "11"]
[EventCountry "CZE"]
[SourceTitle "EXT 2008"]
[Source "ChessBase"]
[SourceDate "2007.11.25"]
[SourceVersion "1"]
[SourceVersionDate "2007.11.25"]
[SourceQuality "1"]

1. e4 c5 2. Nf3 d6 3. d4 cxd4 4. Nxd4 Nf6 5. Nc3 a6 6. g3 e5 7. Nde2 Be6 8. Bg2 Nbd7 9. 0-0 Rc8 10. h3 Qc7 11. Be3 Nb6 12. b3 Be7 13. f4 exf4 14. gxf4 Bd8 15. a4 0-0 16. a5 Na8 17. Bd4 Ne8 18. f5 Bd7 19. Nf4 Bc6 20. Rf3 Bf6 21. Kh1 Qd8 22. Rg3 Kh8 23. Nce2 Nac7 24. c4 Qe7 25. Qd3 Be5 26. Bxe5 Qxe5 1/2-1/2

[Event "CZE-chT2e 0506"]
[Site "Czech Republic"]
[Date "2006.03.12"]
[Round "9.4"]
[White "Sochna, Dusan"]
[Black "Mohapl, Petr"]
[Result "1/2-1/2"]
[WhiteElo "2139"]
[BlackElo "2069"]
[PlyCount "28"]
[EventDate "2005.10.16"]
[EventType "team"]
[EventRounds "11"]
[EventCountry "CZE"]
[SourceTitle "EXT 2008"]
[Source "ChessBase"]
[SourceDate "2007.11.25"]
[SourceVersion "1"]
[SourceVersionDate "2007.11.25"]
[SourceQuality "1"]

1. Nf3 d5 2. b3 Bf5 3. Bb2 e6 4. g3 Nf6 5. Bg2 Nbd7 6. 0-0 Bd6 7. c4 c6 8. d3 0-0 9. Nh4 Bg6 10. Nxg6 hxg6 11. Nd2 Qc7 12. Rc1 Qa5 13. a4 Bb4 14. Nf3 Rfe8 1/2-1/2

[Event "CZE-chT2d 0405"]
[Site "Czech Republic"]
[Date "2004.??.??"]
[Round "2"]
[White "Sedlacek, Oldrich"]
[Black "Sochna, Dusan"]
[Result "1-0"]
[WhiteElo "2190"]
[BlackElo "2190"]
[PlyCount "119"]
[EventDate "2004.10.??"]
[EventType "team"]
[EventRounds "11"]
[EventCountry "CZE"]
[SourceTitle "EXT 2007"]
[Source "ChessBase"]
[SourceDate "2006.11.23"]
[SourceVersion "1"]
[SourceVersionDate "2006.11.23"]
[SourceQuality "1"]

1. Nf3 c5 2. g3 Nc6 3. d4 cxd4 4. Nxd4 Qb6 5. Nb3 Nf6 6. Bg2 g6 7. 0-0 Bg7 8. c4 d6 9. Nc3 0-0 10. Bg5 Be6 11. Nd5 Bxd5 12. cxd5 Na5 13. Nxa5 Qxa5 14. Qb3 h6 15. Bc1 b6 16. Rd1 Rac8 17. Bd2 Qa6 18. e4 Qe2 19. Bf3 Qa6 20. Re1 Qb7 21. Rac1 Rxc1 22. Rxc1 Rc8 23. Qa4 Rxc1+ 24. Bxc1 Kf8 25. b4 Ne8 26. Be3 h5 27. Kg2 Qc7 28. Qc6 Qxc6 29. dxc6 Bc3 30. b5 Nc7 31. a4 Kg7 32. Kf1 f6 33. Ke2 Kh7 34. Bg2 Kg7 35. f4 e5 36. Kd3 Bb4 37. Bf3 Kh7 38. Bc1 Kg7 39. Bb2 Kf7 40. f5 Kg7 41. Bc1 Bc5 42. fxg6 Kxg6 43. h4 Bb4 44. g4 hxg4 45. Bxg4 Bc5 46. h5+ Kg7 47. h6+ Kh8 48. Bf5 Kg8 49. Bd2 Kh8 50. Be1 d5 51. exd5 Nxd5 52. Ke4 Nc7 53. Bh4 Be7 54. Bf2 Bd8 55. Bg6 Kg8 56. Kf5 Be7 57. Bh4 e4 58. Bxf6 Bxf6 59. Kxf6 e3 60. Bd3 1-0

[Event "MOR-chT2M 0203"]
[Site "Moravia"]
[Date "2003.03.16"]
[Round "10"]
[White "Sochna, Dusan"]
[Black "Vrana, Frantisek"]
[Result "0-1"]
[WhiteElo "2223"]
[BlackElo "2359"]
[PlyCount "76"]
[EventDate "2002.10.??"]
[EventType "team"]
[EventRounds "11"]
[EventCountry "CZE"]
[SourceTitle "EXT 2006"]
[Source "ChessBase"]
[SourceDate "2005.11.24"]
[SourceVersion "1"]
[SourceVersionDate "2005.11.24"]
[SourceQuality "1"]

1. e4 e6 2. d4 d5 3. Nd2 b6 4. c3 Bb7 5. e5 c5 6. Nh3 Ne7 7. a3 Qd7 8. Nf4 cxd4 9. cxd4 Nec6 10. Nf3 Ba6 11. Bxa6 Nxa6 12. Qd3 Nc7 13. b4 b5 14. Nh5 a5 15. bxa5 Nxa5 16. 0-0 Qc6 17. Ne1 Qc4 18. Qe3 Nb3 19. Rb1 Nxd4 20. Nd3 Nf5 21. Qd2 Be7 22. Bb2 Qg4 23. Ng3 Nxg3 24. fxg3 Bg5 25. Qf2 0-0 26. Nf4 Ra4 27. Rbc1 Rc4 28. Bd4 Qf5 29. Bb6 Qxe5 30. Nd3 Qe4 31. Rcd1 d4 32. Kh1 Be3 33. Qb2 Nd5 34. Qxb5 Rc2 35. Ne1 Nc3 36. Qd3 Ra2 37. Qxe4 Nxe4 38. Nd3 Rxa3 0-1

[Event "SVK-chT1W 0203"]
[Site "Slovakia"]
[Date "2003.02.09"]
[Round "9.2"]
[White "Fabry, Robert"]
[Black "Sochna, Dusan"]
[Result "1/2-1/2"]
[WhiteElo "2202"]
[BlackElo "2223"]
[PlyCount "32"]
[EventDate "2002.10.12"]
[EventType "team-tourn"]
[EventRounds "11"]
[EventCountry "SVK"]
[SourceTitle "EXT 2005"]
[Source "ChessBase"]
[SourceDate "2004.11.15"]
[SourceVersion "1"]
[SourceVersionDate "2004.11.15"]
[SourceQuality "1"]
[WhiteTeam "Bratislava DP "]
[BlackTeam "Holic"]
[WhiteTeamCountry "SVK"]
[BlackTeamCountry "SVK"]

1. d4 Nf6 2. Nf3 g6 3. c4 Bg7 4. Nc3 0-0 5. e4 d6 6. Be2 e5 7. Be3 exd4 8. Nxd4 Re8 9. f3 c6 10. Bf2 d5 11. exd5 cxd5 12. 0-0 Nc6 13. c5 Nh5 14. g3 Bh3 15. Re1 Qg5 16. Ndb5 Rad8 1/2-1/2

[Event "SVK-chT1W 0203"]
[Site "Slovakia"]
[Date "2003.02.08"]
[Round "8.2"]
[White "Sochna, Dusan"]
[Black "Janos, Martin"]
[Result "0-1"]
[WhiteElo "2223"]
[BlackElo "2175"]
[PlyCount "72"]
[EventDate "2002.10.12"]
[EventType "team-tourn"]
[EventRounds "11"]
[EventCountry "SVK"]
[SourceTitle "EXT 2005"]
[Source "ChessBase"]
[SourceDate "2004.11.15"]
[SourceVersion "1"]
[SourceVersionDate "2004.11.15"]
[SourceQuality "1"]
[WhiteTeam "Holic"]
[BlackTeam "Bratislava Doprastav"]
[WhiteTeamCountry "SVK"]
[BlackTeamCountry "SVK"]

1. e4 c5 2. Nc3 Nc6 3. f4 e6 4. Nf3 a6 5. a4 d5 6. e5 f5 7. exf6 Nxf6 8. d3 Bd6 9. g3 Rb8 10. Qe2 Nd4 11. Qf2 Nxf3+ 12. Qxf3 0-0 13. Bg2 Bd7 14. 0-0 Bc6 15. Qe2 Qd7 16. Bh3 Rbe8 17. Re1 Kh8 18. Bxe6 Qc7 19. Qf2 d4 20. Nd1 Ne4 21. dxe4 Rxe6 22. Qg2 Bxf4 23. Bxf4 Rxf4 24. gxf4 Rg6 25. f5 Rxg2+ 26. Kxg2 Qf4 27. Nf2 Qxf5 28. Ra3 h6 29. Rg3 Qf4 30. Re2 Bxa4 31. Nd3 Qd6 32. e5 Qd5+ 33. Kg1 Bc6 34. Nf2 c4 35. Kf1 Bb5 36. e6 c3 0-1

[Event "SVK-chT1W 0203"]
[Site "Slovakia"]
[Date "2003.01.18"]
[Round "7.3"]
[White "Sochna, Dusan"]
[Black "Maslikova, Veronika"]
[Result "1-0"]
[WhiteElo "2223"]
[BlackElo "2151"]
[PlyCount "79"]
[EventDate "2002.10.12"]
[EventType "team-tourn"]
[EventRounds "11"]
[EventCountry "SVK"]
[SourceTitle "EXT 2005"]
[Source "ChessBase"]
[SourceDate "2004.11.15"]
[SourceVersion "1"]
[SourceVersionDate "2004.11.15"]
[SourceQuality "1"]
[WhiteTeam "Holic"]
[BlackTeam "Osuske"]
[WhiteTeamCountry "SVK"]
[BlackTeamCountry "SVK"]

1. e4 c5 2. Nc3 e6 3. g3 Nc6 4. Bg2 g6 5. d3 Bg7 6. Be3 d6 7. Qd2 a6 8. a4 h6 9. Nge2 Nd4 10. 0-0 Ne7 11. Rab1 Nec6 12. Nd1 Nxe2+ 13. Qxe2 0-0 14. c3 Kh7 15. f4 Qe7 16. Qf2 Rd8 17. g4 f5 18. gxf5 exf5 19. b4 cxb4 20. cxb4 Qf7 21. Bb6 Rf8 22. Ne3 Be6 23. Nd5 Rac8 24. Kh1 Ne7 25. Nc7 Bb3 26. a5 Ba2 27. Rbc1 Nc6 28. b5 axb5 29. Nxb5 Qb3 30. Nxd6 Ra8 31. Nxb7 Ne7 32. Nc5 Qf7 33. exf5 gxf5 34. Nd7 Nd5 35. Qxa2 Qxd7 36. Qxd5 Qxd5 37. Bxd5 Rae8 38. Rc7 Kh8 39. a6 Rb8 40. Rb7 1-0

[Event "MOR-chT2M 0203"]
[Site "Moravia"]
[Date "2002.12.01"]
[Round "4"]
[White "Sochna, Dusan"]
[Black "Travnicek, Peter Jr"]
[Result "1/2-1/2"]
[WhiteElo "2223"]
[BlackElo "2112"]
[PlyCount "36"]
[EventDate "2002.10.??"]
[EventType "team"]
[EventRounds "11"]
[EventCountry "CZE"]
[SourceTitle "EXT 2006"]
[Source "ChessBase"]
[SourceDate "2005.11.24"]
[SourceVersion "1"]
[SourceVersionDate "2005.11.24"]
[SourceQuality "1"]

1. Nf3 Nf6 2. g3 g6 3. Bg2 Bg7 4. 0-0 0-0 5. c4 c5 6. d4 d6 7. dxc5 dxc5 8. Qxd8 Rxd8 9. Ne5 Ne8 10. Nd3 Na6 11. Na3 Nd6 12. Rb1 Bf5 13. Nc2 Rd7 14. b3 Ne4 15. Nce1 Rad8 16. Be3 b6 17. Bxe4 Bxe4 18. f3 Bb7 1/2-1/2

[Event "SVK-chT1W 0203"]
[Site "Slovakia"]
[Date "2002.10.12"]
[Round "1.2"]
[White "Chovanec, Vladimir"]
[Black "Sochna, Dusan"]
[Result "0-1"]
[WhiteElo "2057"]
[BlackElo "2223"]
[PlyCount "90"]
[EventDate "2002.10.12"]
[EventType "team-tourn"]
[EventRounds "11"]
[EventCountry "SVK"]
[SourceTitle "EXT 2005"]
[Source "ChessBase"]
[SourceDate "2004.11.15"]
[SourceVersion "1"]
[SourceVersionDate "2004.11.15"]
[SourceQuality "1"]
[WhiteTeam "Bratislava Slovan"]
[BlackTeam "Holic"]
[WhiteTeamCountry "SVK"]
[BlackTeamCountry "SVK"]

1. e4 c5 2. Nf3 d6 3. c3 Nf6 4. Be2 Nbd7 5. d3 e5 6. 0-0 Be7 7. Nbd2 d5 8. exd5 Nxd5 9. d4 exd4 10. cxd4 0-0 11. Ne4 cxd4 12. Nxd4 N7f6 13. Bf3 Qb6 14. Nb3 Rd8 15. Qe2 Bf5 16. Bd2 a5 17. Nc3 Bb4 18. Rfe1 h6 19. Bxd5 Nxd5 20. Qf3 Be6 21. Na4 Qb5 22. Nc3 Nxc3 23. bxc3 Bxb3 24. cxb4 Rxd2 25. axb3 Qxb4 26. Re4 Qd6 27. Rae1 Rf8 28. Re7 b6 29. R7e3 Qd5 30. g3 Qxf3 31. Rxf3 Rfd8 32. Re7 f6 33. Rb7 R2d6 34. Rc3 R8d7 35. Rc8+ Kf7 36. Rbb8 Ke6 37. Re8+ Kd5 38. Rec8 Rc6 39. Re8 Kc5 40. Re3 Kb4 41. Rbe8 Rc3 42. R8e4+ Kxb3 43. Re1 Kb2 44. Re7 Rxe7 45. Rxe7 a4 0-1

[Event "SVK-chT2W 0102"]
[Site "Slovakia"]
[Date "2002.03.16"]
[Round "10.1"]
[White "Flasik, Radoslav"]
[Black "Sochna, Dusan"]
[Result "1-0"]
[WhiteElo "2239"]
[BlackElo "2244"]
[PlyCount "79"]
[EventDate "2001.10.??"]
[EventType "team"]
[EventRounds "11"]
[EventCountry "SVK"]
[SourceTitle "EXT 2006"]
[Source "ChessBase"]
[SourceDate "2005.11.24"]
[SourceVersion "1"]
[SourceVersionDate "2005.11.24"]
[SourceQuality "1"]

1. e4 c5 2. c3 Nf6 3. e5 Nd5 4. d4 cxd4 5. cxd4 d6 6. Nf3 Nc6 7. exd6 Qxd6 8. Nc3 g6 9. Be2 Bg7 10. 0-0 0-0 11. Re1 Rd8 12. Qb3 Na5 13. Qxd5 Qxd5 14. Nxd5 Rxd5 15. Be3 Rd8 16. Rac1 Nc6 17. Red1 Be6 18. a3 a5 19. Bb5 Bd5 20. Ne5 Nxe5 21. dxe5 Bb3 22. Rxd8+ Rxd8 23. f4 Bd5 24. Bb6 Ra8 25. Bd7 a4 26. Rc7 g5 27. g3 gxf4 28. gxf4 Bh6 29. Be3 Ra6 30. Bf5 e6 31. Bd3 Ra8 32. Bb5 Kh8 33. Rxf7 Rg8+ 34. Kf1 Rg2 35. Bd3 Bg7 36. Rd7 Bxe5 37. fxe5 Rxb2 38. Bh6 Kg8 39. Bxh7+ Kh8 40. Bg6 1-0

[Event "SVK-chT2W 0102"]
[Site "Slovakia"]
[Date "2002.02.17"]
[Round "9.1"]
[White "Sochna, Dusan"]
[Black "Petrik, Tomas"]
[Result "0-1"]
[WhiteElo "2244"]
[BlackElo "2345"]
[PlyCount "110"]
[EventDate "2001.10.??"]
[EventType "team"]
[EventRounds "11"]
[EventCountry "SVK"]
[SourceTitle "EXT 2006"]
[Source "ChessBase"]
[SourceDate "2005.11.24"]
[SourceVersion "1"]
[SourceVersionDate "2005.11.24"]
[SourceQuality "1"]

1. e4 e6 2. d4 d5 3. Nd2 c5 4. exd5 Qxd5 5. Ngf3 cxd4 6. Bc4 Qd6 7. 0-0 Nf6 8. Nb3 Nc6 9. Nbxd4 Nxd4 10. Nxd4 a6 11. Bb3 Qc7 12. Qf3 Bd6 13. h3 0-0 14. Bg5 Bh2+ 15. Kh1 Be5 16. Rad1 Bd7 17. c3 Rad8 18. Rfe1 Bc8 19. Qe3 h6 20. Qxe5 Qxe5 21. Rxe5 hxg5 22. f3 Nh7 23. Rde1 Rfe8 24. a4 Kh8 25. R5e2 Nf8 26. Kg1 Rd6 27. a5 f6 28. Nf5 Rdd8 29. Ng3 Ng6 30. Nh5 Rd6 31. Kf2 Ne5 32. Bc2 Bd7 33. Rd1 Rxd1 34. Bxd1 Bb5 35. Rd2 Nc4 36. Rd4 e5 37. Rd5 Nxb2 38. Bc2 Kg8 39. Bg6 Rc8 40. Ke1 Nc4 41. Bf5 Rc7 42. Bg6 Rd7 43. Rc5 Nd6 44. Ng3 Bc6 45. Bd3 Nb5 46. Bf5 Rd8 47. Be6+ Kf8 48. Bb3 Rd3 49. Ne2 Na3 50. Nc1 Rd8 51. Na2 Ke7 52. Nb4 Kd6 53. Rc4 Nxc4 54. Bxc4 Kc5 55. Bf7 Kb5 0-1

[Event "SVK-chT2W 0102"]
[Site "Slovakia"]
[Date "2002.02.16"]
[Round "8.1"]
[White "Duriga, Stefan"]
[Black "Sochna, Dusan"]
[Result "0-1"]
[WhiteElo "2230"]
[BlackElo "2244"]
[PlyCount "48"]
[EventDate "2001.10.??"]
[EventType "team"]
[EventRounds "11"]
[EventCountry "SVK"]
[SourceTitle "EXT 2006"]
[Source "ChessBase"]
[SourceDate "2005.11.24"]
[SourceVersion "1"]
[SourceVersionDate "2005.11.24"]
[SourceQuality "1"]

1. d4 Nf6 2. c4 g6 3. Nc3 Bg7 4. e4 d6 5. f3 0-0 6. Be3 Nc6 7. Qd2 a6 8. 0-0-0 Rb8 9. g4 e5 10. d5 Nd4 11. Nce2 c5 12. dxc6 Nxc6 13. Qxd6 Qa5 14. Nc3 Rd8 15. Qc5 Rxd1+ 16. Kxd1 Qd8+ 17. Kc1 Be6 18. g5 Nd7 19. Qa3 Bf8 20. Qa4 Nb6 21. Qb3 Nxc4 22. Bxc4 Na5 23. Qd1 Nxc4 24. Bd2 b5 0-1

[Event "SVK-chT2W 0102"]
[Site "Slovakia"]
[Date "2001.12.15"]
[Round "5.1"]
[White "Banas, Jan"]
[Black "Sochna, Dusan"]
[Result "1-0"]
[WhiteElo "2362"]
[BlackElo "2244"]
[PlyCount "89"]
[EventDate "2001.10.??"]
[EventType "team"]
[EventRounds "11"]
[EventCountry "SVK"]
[SourceTitle "EXT 2006"]
[Source "ChessBase"]
[SourceDate "2005.11.24"]
[SourceVersion "1"]
[SourceVersionDate "2005.11.24"]
[SourceQuality "1"]

1. c4 g6 2. e4 Bg7 3. d4 d6 4. Nc3 Nf6 5. Nge2 0-0 6. f3 c5 7. Be3 b6 8. d5 e6 9. Qd2 exd5 10. cxd5 Nbd7 11. Ng3 h5 12. Be2 h4 13. Nf1 Nh7 14. Bh6 a6 15. a4 Re8 16. Bxg7 Kxg7 17. Ne3 Ndf6 18. 0-0 Ra7 19. Nc4 g5 20. Bd3 Nh5 21. Ne2 Rae7 22. b4 b5 23. axb5 axb5 24. Qc3+ N7f6 25. Nxd6 Qxd6 26. bxc5 Qb8 27. Rfb1 Rb7 28. Rb4 g4 29. fxg4 Bxg4 30. d6 Bxe2 31. Bxe2 Nf4 32. Bf3 Rc8 33. Qe3 Ra7 34. Rab1 Ne6 35. e5 Rxc5 36. exf6+ Kxf6 37. Qh6+ Ke5 38. Rd1 Ra4 39. Rb3 Qd8 40. Re3+ Kf5 41. Be4+ Rxe4 42. Qh7+ Kf6 43. Rxe4 Qb6 44. Kh1 Qxd6 45. Qxh4+ 1-0